Szczegóły MARC21

Paradoks trucizn : substancje chemiczne przyjazne i wrogie /

003 -Nazwa inst., której nr kontr. jest w polu 001 [,]
    • @
    • Nazwa instytucji, której n kontrolny jest w polu 001
    • NUKAT
005 -DATA I CZAS OSTATNIEJ MODYFIKACJI [,]
    • @
    • pole kontrolne
    • 20241231094248.0
020 -Międzynarod. znormalizowany nr książki - ISBN [ , ]
    • a
    • Numer ISBN
    • 9788301197360 Find
040 -Instytucja sporządzająca opis [ , ]
    • a
    • Instytucja, która sporządziła opis (NP)
    • WR U/brk
    • b
    • Język katalogowania
    • pol
    • e
    • Zasady katalogowania
    • rda
    • c
    • Instytucja, która sporządziła rekord (NP)
    • WR U/brks
    • d
    • Instytucja, która zmodyfikowała rekord (P)
    • WR U/hb
    • d
    • Instytucja, która zmodyfikowała rekord (P)
    • KR 048/PK
    • d
    • Instytucja, która zmodyfikowała rekord (P)
    • BYDG 020/AMs
041 -Język dokumentu [1, ]
    • a
    • Język tekstu (P)
    • polski
    • h
    • Język tekstu oryginalnego i/lub pośredniego (P)
    • angielski
942 -Rodzaj dokumentu [ , ]
    • c
    • Rodzaj dokumentu
    • Książka
100 -Hasło główne - nazwa osobowa [1, ]
    • a
    • Nazwa osobowa (NP)
    • Timbrell, John.
    • e
    • Rodzaj współpracy
    • Autor
    • 9
    • KHW
    • 69249
240 -Tytuł ujednolicony [1,0]
    • a
    • Tytuł ujednolicony
    • Poison paradox
    • l
    • Język tekstu
    • (pol.)
    • 9
    • KHW
    • 69254
245 -Strefa tytułu i oznaczenia odpowiedzialności [1,0]
    • a
    • Tytuł
    • Paradoks trucizn : Find
    • b
    • Ciąg dalszy tytułu (NP)
    • substancje chemiczne przyjazne i wrogie / Find
    • c
    • Pozostałe elementy strefy tytułu i oznaczenia odpowiedzialności (NP)
    • John Timbrell ; z angielskiego przełożyli Zygfryd Witkiewicz, Roman Łakomy, Robert Kubica.
250 -Strefa wydania [ , ]
    • a
    • Oznaczenie wydania (NP)
    • Wydanie I - 1 dodruk (PWN).
260 -Strefa adresu wydawniczego [ , ]
    • a
    • Miejsce wydania (P)
    • Warszawa :
    • b
    • Nazwa wydawcy (P)
    • Wydawnictwo Naukowe PWN SA,
    • c
    • Data wydania (P)
    • 2018.
300 -Strefa opisu fizycznego [ , ]
    • a
    • Określenie formy książki i/lub objętość (NP)
    • XV, [1], 335, [1] strona :
    • b
    • Oznaczenie ilustracji (NP)
    • ilustracje ;
    • c
    • Format (NP)
    • 24 cm.
336 -Typ zawartości [ , ]
    • a
    • Termin opisujący typ zawartości
    • Tekst
    • b
    • Kod określający zawartość
    • txt
    • 2
    • Źródło (terminu i kodu)
    • rdacontent
337 -Typ mediów [ , ]
    • a
    • Tryb odtwarzania
    • Bez urządzenia pośredniczącego
    • b
    • Kod typu mediów
    • n
    • 2
    • Źródło (terminu i kodu)
    • rdamedia
338 -Typ/rodzaj nośnika [ , ]
    • a
    • Hasło opisujące typ nośnika
    • Wolumin
    • b
    • Kod typu nośnika
    • nc
    • 2
    • Źródło (terminu i kodu)
    • rdacarrier
500 -Uwaga ogólna [ , ]
    • a
    • Uwaga ogólna (NP)
    • Tytuł oryginału: The poison paradox : chemicals as friends and foes.
500 -Uwaga ogólna [ , ]
    • a
    • Uwaga ogólna (NP)
    • Na stronie tytułowej i okładce nazwa poprzedniego wydawcy: Wydawnictwo WNT.
504 -Uwaga dot. bibliogr. załącznikowej [ , ]
    • a
    • Uwaga dot. bibliografii załącznikowej
    • Bibliografia na stronach 316-323. Indeks.
650 -Hasło przedmiotowe [ ,7]
    • a
    • Hasło przedmiotowe
    • Trucizny.
    • 2
    • Źródło terminu
    • kaba
    • 9
    • KHW
    • 133869
650 -Hasło przedmiotowe [ ,7]
    • a
    • Hasło przedmiotowe
    • Toksykologia.
    • 2
    • Źródło terminu
    • kaba
    • 9
    • KHW
    • 133574
650 -Hasło przedmiotowe [ ,7]
    • a
    • Hasło przedmiotowe
    • Trucizny
    • x
    • Określnik rzeczowy
    • skutki fizjologiczne.
    • 2
    • Źródło terminu
    • kaba
    • 9
    • KHW
    • 133868
650 -Hasło przedmiotowe [ ,7]
    • a
    • Hasło przedmiotowe
    • Farmakokinetyka.
    • 2
    • Źródło terminu
    • kaba
    • 9
    • KHW
    • 108475
650 -Hasło przedmiotowe [ ,7]
    • a
    • Hasło przedmiotowe
    • Leki
    • x
    • Określnik rzeczowy
    • skutki uboczne.
    • 2
    • Źródło terminu
    • kaba
    • 9
    • KHW
    • 116804
650 -Hasło przedmiotowe [ ,7]
    • a
    • Hasło przedmiotowe
    • Leki
    • x
    • Określnik rzeczowy
    • toksykologia.
    • 2
    • Źródło terminu
    • kaba
    • 9
    • KHW
    • 116806
650 -Hasło przedmiotowe [ ,7]
    • a
    • Hasło przedmiotowe
    • Substancje niebezpieczne
    • x
    • Określnik rzeczowy
    • ocena ryzyka.
    • 2
    • Źródło terminu
    • kaba
    • 9
    • KHW
    • 131542
650 -Hasło przedmiotowe [ ,7]
    • a
    • Hasło przedmiotowe
    • Żywność
    • x
    • Określnik rzeczowy
    • toksykologia.
    • 2
    • Źródło terminu
    • kaba
    • 9
    • KHW
    • 141162
700 -Hasło dodatkowe - nazwa osobowa [1, ]
    • a
    • Nazwa osobowa (NP)
    • Witkiewicz, Zygfryd Find
    • d
    • Daty biograficzne (NP)
    • (1940- ).
    • e
    • Określenie rodzaju współpracy
    • Tłumaczenie
    • 9
    • KHW
    • 69248
700 -Hasło dodatkowe - nazwa osobowa [1, ]
    • a
    • Nazwa osobowa (NP)
    • Łakomy, Roman. Find
    • e
    • Określenie rodzaju współpracy
    • Tłumaczenie
    • 9
    • KHW
    • 69251
700 -Hasło dodatkowe - nazwa osobowa [1, ]
    • a
    • Nazwa osobowa (NP)
    • Kubica, Robert Find
    • c
    • Dopowiedzenie inne niż daty biograficzne (NP)
    • (tłumacz).
    • e
    • Określenie rodzaju współpracy
    • Tłumaczenie
    • 9
    • KHW
    • 69250
710 -Hasło dodatkowe - nazwa ciała zbiorowego [2, ]
    • a
    • Nazwa ciała zbiorowego lub nazwa geograficzna jako pierwszy element (NP)
    • Wydawnictwo Naukowe PWN.
    • e
    • Rodzaj współpracy
    • Wydawca
    • 4
    • Kod relacji
    • pbl
    • 9
    • KHW
    • 52648
856 -Dostęp do wersji elektronicznej [4,1]
    • 3
    • Wyszczególnienie materiału
    • Spis treści
856 -Dostęp do wersji elektronicznej [4,8]
    • 3
    • Wyszczególnienie materiału
    • Okładka
920 -ISBN [ , ]
    • a
    • ISBN
    • 978-83-01-19736-0 Find
Data inwentaryzacji Lokalizacja Status udost. Numer inwentarzowy
2018-06-14BG1Z.122941